Guess the poorly described movie 3 - Statistics

General Stats
  • This quiz has been taken 53 times
  • The average score is 4 of 14
Answer Stats
Hint Answer % Correct
What an unlikely team..... a rock-and-roll man, a tree, a raccoon, and an extremely misunderstood girl. Guardians of the Galaxy
70%
Flying man and man with wings battle it out in Metropolis. Superman vs Batman
70%
Say his name three times for the wildest night of your life Beetlejuice
48%
You do realize he built that in a cave, right? With a box of scraps? Iron Man
41%
Learn to stand up for what's right in this book to musical movie. By the way, pink goes good with green. Wicked
39%
Joaquin Phoenix once again takes up the role of one of the most infamous DC villians with his bride of destruction. Joker 2
35%
We've always shipped the two together.... Ketchup and mustard, red and yellow, skilled mercenary and raging beast. Deadpool and Wolverine
30%
Drunkard super human tries to become a better person, and find out who the heck he is. Hancock
28%
Murderous robots who play in a band are brought to film to destroy their killer who always comes back... Five Nights at Freddy's
24%
Pick up the phone to safe your life in this thiller, but don't get caught. The Black Phone
20%
Group of crime fighters with superpowers take on giant purple man. Fantastic Four
15%
Who doesn't love shopping? Question is: who loves shopping so much they can't stop? Confessions of a Shopaholic
9%
Movie made musical is deathly amusing to watch. Who wouldn't take the potion of immortality? Death Becomes Her
9%
Singing girl wins her life back in this all-out dogfight. The Ballad of Songbirds and Snakes
0%
No matching quizzes found
Score Distribution
Percent of People with Each Score
Percentile by Number Answered
Your Score History
You have not taken this quiz